| 000 | 00699nam a2200205 i 4500 | ||
|---|---|---|---|
| 001 | 173032 | ||
| 003 | ES-MaACL | ||
| 005 | 20230906215118.0 | ||
| 008 | 091015s2001 fr a |||| | fre d | ||
| 020 | _a2-7105-0434-0 | ||
| 080 | _a264.02-12 | ||
| 245 | 0 | 0 |
_aMissel des dimanches. _n2002 _b: année liturgique du 2 décembre 2001 au 30 novembre 2002 : lectures de l'année A. |
| 250 | _aÉd. collective des Éditeurs de liturgie. | ||
| 260 |
_aParis : _bDesclée de Brouwer, _c2001. |
||
| 300 |
_a575 p. : _bil. ; _c17 cm. |
||
| 500 | _aÍndices. | ||
| 650 | 4 |
_aMisales. _9137840 |
|
| 650 | 0 | 4 |
_aAño litúrgico. _99903 |
| 852 |
_aES-MaACL _jE-13016 _z. - Biblioteca Jacinto Martínez Lacalle |
||
| 999 |
_c173032 _d173032 |
||